000 01205nam a22002897a 4500
999 _c8369
_d8369
003 AR-CdUCM
008 190325b ||||| |||| 00| 0 spa d
020 _a84205058622
040 _aMUNICIPALIDAD PROVINCIAL DEL CUSCO
_cBIBLIOTECA MUNICIPAL DEL CUSCO
082 _a709.46 /
_bH4
245 _aHistoria del Arte hispánico :
_bIII El Renacimiento /
260 _aEspaña :
_bAlhambra,
_c1980.
300 _bIlustraciones,
_c24 cm.
505 _aContenido:
505 _aTomo III: El renacimiento: Arquitectura : La evolución urbanística -- El protorrenacimiento -- Hacia el pleno Renacimiento -- El Manierismo -- Iconología de la arquitectura del siglo XVI -- Escultura: la escultura de los dos primeros tercios del siglo XVI -- La escultura en el último tercio del siglo XVI -- Pintura ...
650 _aHistoria del arte
_91647
650 _aArte hispánico
_923491
650 _aArte - Renacimiento
_923492
650 _aArquitectura
_93356
650 _aPintura
_93081
650 _aEscultura
_913152
700 _asebastián, Santiago
_923493
700 _aGarcía Gianza, M. Concepción
_923494
700 _aBuendía, J. Rogelio
_923495
942 _2ddc
_cLIBROS
945 _alccs